| 000 | 00691nam a2200241 a 4500 | ||
|---|---|---|---|
| 001 | BRCA_6094 | ||
| 005 | 20190320205331.0 | ||
| 008 | 220611s18------fr-a######---#000-0#fre-# | ||
| 041 | _afre | ||
| 044 | _afr | ||
| 050 | 4 |
_aPQ2167 _b.P53 |
|
| 100 | 1 |
_aBalzac, Honore de _d1799-1850 _915409 |
|
| 245 | 1 | 0 |
_aLa peau de Chagrin _ble cure de Tours et le colonel Chabert _cpar Honore de Balzac; introduction par Henri Mazel. |
| 260 |
_aParĂs _bNelson _c[18--?] |
||
| 300 |
_a551 p. _bil. _c16 cm. |
||
| 500 | _aI18 | ||
| 650 | 1 | 4 |
_aLiteratura francesa _915410 |
| 700 | 1 |
_aMazel, Henri _915411 |
|
| 740 | 0 | _aLe cure de Tours | |
| 740 | 0 | _aLe colonel Chabert | |
| 902 | _aGFM | ||
| 942 |
_2lcc _cB |
||
| 999 |
_c5781 _d5781 |
||